Normal view
MARC view
Entry Personal Name
001 - CONTROL NUMBER
- control field: 862789
003 - CONTROL NUMBER IDENTIFIER
- control field: OSt
005 - DATE AND TIME OF LATEST TRANSACTION
- control field: 20260107154324.0
008 - FIXED-LENGTH DATA ELEMENTS
- fixed length control field: 260107|| aca||aabn | a|a d
040 ## - CATALOGING SOURCE
- Original cataloging agency: OSt
- Transcribing agency: OSt
100 ## - HEADING--PERSONAL NAME
- Personal name: शाह, रमेश चन्द्र
670 ## - SOURCE DATA FOUND
- Source citation: Work cat.: (OSt)1467187: शाह, रमेश चन्द्र , देहरी की बात , 2009
